Capitales contenant la lettre H - Statistiques

Statistiques générales
  • Ce quiz a été pris 676 fois
  • Le résultat moyen est 18 sur 25
Statistiques - réponses
Afrique % Correct
Helsinki
88%
Washington D.C.
87%
Stockholm
81%
Chisinau
80%
Hanoï
80%
Athènes
78%
Copenhague
77%
New Delhi
76%
Tachkent
73%
Téhéran
73%
Harare
72%
La Havane
71%
Achgabat
70%
Bichkek
69%
Beyrouth
68%
Kinshasa
67%
Douchanbé
66%
Thimphou
66%
Phnom Penh
65%
Honiara
64%
Khartoum
64%
Doha
57%
Nouakchott
57%
Windhoek
56%
Saint John's
50%
Aucun quiz correspondant
Distribution des résultats
% des personnes avec chaque résultat
Percentile par nombre de réponses
Votre historique - résultats
Vous n’avez pas pris ce quiz